[Event "Challenge"]
[Site "http://www.queenalice.com/game.php?id=2745"]
[Date "2004.12.13"]
[Round "-"]
[White "Dalinuevo"]
[Black "ryanwilson"]
[Result "0-1"]
[WhiteElo "1167"]
[BlackElo "1220"]

1. e4 d6 2. d4 Nf6 3. Nc3 g6 4. Nf3 Bg7 5. Be3 O-O 6. Bc4 Be6 7. Bd3 Nbd7 8. O-O
c5 9. d5 Bg4 10. h3 Bxf3 11. Qxf3 Qb6 12. Rab1 Ne5 13. Qd1 Rac8 14. Be2 Qb4 15.
a3 Qa5 16. f4 Nxe4 17. Nxe4 Qa4 18. Nc3 Qd7 19. fxe5 Bxe5 0-1

[Event "amnesiac chess :)"]
[Site "http://www.queenalice.com/game.php?id=2746"]
[Date "2004.12.13"]
[Round "-"]
[White "ifrozeup"]
[Black "Dalinuevo"]
[Result "1-0"]
[WhiteElo "1267"]
[BlackElo "1251"]

1. e4 e5 2. Nc3 Nf6 3. d3 h6 4. Be3 Bb4 5. Nf3 Nc6 6. a3 Be7 7. Nxe5 Nxe5 8. Bd4
d6 9. f4 Nc6 10. Be3 Ng4 11. Nd5 Nxe3 12. Qh5 Bg4 13. Qxg4 Nxg4 14. Be2 Nd4 15.
Bxg4 Nxc2+ 16. Kd2 Nxa1 17. Rxa1 c6 18. Ne3 1-0

[Event "Challenge"]
[Site "http://www.queenalice.com/game.php?id=2750"]
[Date "2004.12.13"]
[Round "-"]
[White "Dalinuevo"]
[Black "ifrozeup"]
[Result "0-1"]
[WhiteElo "1224"]
[BlackElo "1322"]

1. e4 e5 2. Nf3 d6 3. Bc4 Be6 4. Qe2 Nc6 5. Bxe6 fxe6 6. O-O Nf6 7. d3 d5 8.
exd5 exd5 9. Re1 Bd6 10. Ng5 Qd7 11. Nc3 Nd4 12. Qd1 O-O 13. Ne2 Rae8 14. Ng3
Ng4 15. Be3 h6 16. Bxd4 exd4 17. Rxe8 Rxe8 18. Nf3 c5 0-1

[Event "Primera"]
[Site "http://www.queenalice.com/game.php?id=2752"]
[Date "2004.12.13"]
[Round "-"]
[White "Dalinuevo"]
[Black "Eagle"]
[Result "0-1"]
[WhiteElo "1204"]
[BlackElo "1017"]

1. e4 e5 2. Nf3 Nf6 3. d3 Bc5 4. Be3 d6 5. Bxc5 dxc5 6. Nxe5 Bg4 7. Nxg4 Qd4 8.
Nxf6+ Qxf6 9. Nc3 Nd7 10. Nd5 Qd6 11. Qg4 O-O-O 12. Qxg7 Ne5 13. Qf6 c6 14. Qxd6
Rxd6 15. Ne3 c4 16. f4 Ng6 17. Nxc4 Rf6 0-1

[Event "Segunda"]
[Site "http://www.queenalice.com/game.php?id=2753"]
[Date "2004.12.14"]
[Round "-"]
[White "Dalinuevo"]
[Black "Adclaran"]
[Result "0-1"]
[WhiteElo "1147"]
[BlackElo "1766"]

1. e4 d6 2. d4 Nf6 3. Nc3 g6 4. Nf3 Bg7 5. Be3 O-O 6. Bc4 a6 7. O-O b5 8. Bb3 b4
9. Ne2 Bb7 10. e5 Nd5 11. Qd2 Nxe3 12. fxe3 dxe5 13. Qxb4 Bxf3 14. Rxf3 exd4 15.
Nxd4 a5 16. Qc4 Bf6 0-1

[Event "AUTO-OPEN-30"]
[Site "http://www.queenalice.com/game.php?id=2775"]
[Date "2004.12.14"]
[Round "1"]
[White "Eagle"]
[Black "Dalinuevo"]
[Result "1-0"]
[WhiteElo "1017"]
[BlackElo "1454"]

1. e4 e5 2. Nf3 Nc6 3. d4 exd4 4. Nxd4 Qf6 5. Nxc6 Qxc6 6. Nc3 Bb4 7. Bb5 Bxc3+
8. bxc3 Qxb5 9. Ba3 Qc4 10. Qd2 Qxe4+ 11. Qe2 Qxe2+ 12. Kxe2 d6 13. Rhe1 Be6 14.
Kf1 Nf6 15. Reb1 b6 16. Bc1 O-O 17. Bg5 Bc4+ 18. Kg1 Ne4 19. Be3 Nxc3 20. Rb4 b5
21. f3 1-0

[Event "AUTO-OPEN-30"]
[Site "http://www.queenalice.com/game.php?id=2776"]
[Date "2004.12.14"]
[Round "1"]
[White "Dalinuevo"]
[Black "Eagle"]
[Result "1-0"]
[WhiteElo "1500"]
[BlackElo "1030"]

1. e4 Nf6 2. e5 Ng4 3. Qxg4 h5 4. Qf4 e6 5. Nf3 Rg8 6. Ng5 f5 7. Be2 d6 8. d4 d5
9. a3 Rh8 10. c4 Rh6 11. Nc3 Nc6 12. cxd5 Na5 13. dxe6 Nb3 14. Qxf5 g6 15. Qf7#
1-0

[Event "AUTO-OPEN-30"]
[Site "http://www.queenalice.com/game.php?id=2785"]
[Date "2004.12.14"]
[Round "1"]
[White "Dalinuevo"]
[Black "butchbristol54"]
[Result "0-1"]
[WhiteElo "1335"]
[BlackElo "1264"]

1. e4 d5 2. exd5 Qxd5 3. Nc3 Qd8 4. Nf3 c6 5. Bc4 Nf6 6. h3 e6 7. O-O Be7 8. d3
O-O 9. a4 a5 10. Qe2 Na6 11. Re1 Nb4 12. Ne4 Nxe4 13. dxe4 Qc7 14. c3 Na6 0-1

[Event "AUTO-OPEN-30"]
[Site "http://www.queenalice.com/game.php?id=2786"]
[Date "2004.12.14"]
[Round "1"]
[White "butchbristol54"]
[Black "Dalinuevo"]
[Result "1-0"]
[WhiteElo "1421"]
[BlackElo "1288"]

1. e4 e5 2. Bc4 Nf6 3. d3 Bc5 4. Bg5 h6 5. Bxf6 Qxf6 6. Nf3 d6 7. h3 O-O 8. a3
c6 9. b4 Bb6 10. Nbd2 Rd8 11. Qe2 Nd7 12. Nf1 Nf8 13. N1h2 1-0

[Event "AUTO-OPEN-32"]
[Site "http://www.queenalice.com/game.php?id=2929"]
[Date "2004.12.18"]
[Round "1"]
[White "Dalinuevo"]
[Black "dnptrs"]
[Result "0-1"]
[WhiteElo "1493"]
[BlackElo "1881"]

1. e4 c5 2. Nf3 e6 3. d4 cxd4 4. Nxd4 Nc6 5. Nc3 Nf6 6. Ndb5 d6 7. Bf4 e5 8. Bg5
a6 9. Na3 b5 10. Nd5 Rb8 0-1